| 000 | 01352nam a2200313 u 4500 | ||
|---|---|---|---|
| 001 | 000054324 | ||
| 005 | 20200120222828.0 | ||
| 008 | 130522s2005 ck gr 000 0 spa d | ||
| 020 | _a9581803025. | ||
| 041 | 0 | _a/spa | |
| 082 | 0 | 4 |
_a320.986 _bU74 _221 |
| 100 | 1 |
_aUribe Vélez, Alvaro, _d1952- |
|
| 240 | 1 | 0 | _aAntioquia-Bibliografía regional |
| 245 | 1 | 0 |
_aDel escritorio del presidente : _b[selección de escritos, agosto 2002-diciembre 2003] / _cÁlvaro Uribe Vélez ; compiladoras Paola Holguín Moreno, Carolina Escamilla Pacheco, Adi Ochoa Torres. |
| 250 | _a1a. ed. | ||
| 260 |
_aBogotá : _bPresidencia de la República, _c2005. |
||
| 300 | _a403 p. | ||
| 500 | _aPremio Alfaguara de novela : Huellas Culturales | ||
| 500 | _aIncluye índice. | ||
| 500 | _aEj.1 de Mosquera donado por la Biblioteca Nacional - PNLB 2012. | ||
| 600 |
_aUribe Vélez, Alvaro _d[1952] _xPensamiento político y social . |
||
| 600 |
_aUribe Vélez, Alvaro _d[1952] _xDiscursos |
||
| 600 |
_aUribe Vélez, Alvaro, _d1952- _xEntrevistas. |
||
| 650 | 1 | 4 |
_aSeguridad democrática _zColombia _vEnsayos, conferencias, etc. |
| 651 | 7 |
_aColombia _xPolítica y gobierno _vEnsayos, conferencias, etc. _y2002-2003. |
|
| 700 | 1 |
_aHolguín Moreno, Paola, _ecompositora. |
|
| 700 | 1 |
_aEscamilla Pacheco, Carolina, _ecompositora. |
|
| 700 | 1 |
_aOchoa Torres, Adi, _ecompositor. |
|
| 999 |
_c3922 _d3922 |
||